000
00328pam a2200157a 44500
008
230515b2007 xxu||||| |||| 00| 0 eng d
020
_a
NULL
041
_a
MARATHI
082
_a
830 BHO
100
_a
SUDHIR BHONGALE
245
_a
JALCHINTAN
250
_a
1
260
_a
NULL
_b
NA
_c
2007
300
_a
412
650
_a
NULL
999
_c
640968
_d
640968